| 000 | 00432nam a2200157Ia 4500 | ||
|---|---|---|---|
| 008 | 210716s1984 xx 000 0 und d | ||
| 020 | _a8185095787 | ||
| 041 | _aeng | ||
| 082 | _a005.133 CHII | ||
| 100 | _aChivers, I D;Clark, M W. | ||
| 245 |
_aInteractive fortran 77: a hands on approach. _bHands on approach. |
||
| 250 | _a1 | ||
| 260 |
_aNew Delhi _bAffiliated East- West Press Ltd _c1984 |
||
| 300 | _a231 | ||
| 650 | _aNone | ||
| 999 |
_c181228 _d181228 |
||